History Quiz

Random History or Nation Quiz

US Citizenship Test: Would You Pass? Quiz Stats

Quiz Updated Dec 26, 2015

Challenge
Share
Tweet
Embed
Score 0/25 Timer 04:00
1 Play Today
Question Answer % Correct
How old do citizens have to be to vote for President?18
94.4%
In what month do we vote for President?November
92.9%
Name the U.S. war between the North and the South.The Civil War
91.6%
What is the name of the national anthem?The Star-Spangled Banner
91.1%
Name one state that borders Mexico.California/ Arizona/ New Mexico/ Texas
89.7%
Who is in charge of the executive branch?The President
89.5%
What is the highest court in the United States?The Supreme Court
89.1%
What ocean is on the East Coast of the United States?Atlantic Ocean
89.1%
What is the capital of the United States?Washington, D.C.
88.4%
Name one of the two longest rivers in the United States.Missouri River/ Mississippi River
88.2%
Who was President during both the Great Depression and World War II?Franklin D. Roosevelt
84.8%
When was the Declaration of Independence adopted [what year]?1776
83.5%
What do we call the first ten amendments to the Constitution?The Bill of Rights
83.4%
Question Answer % Correct
The idea of self-government is in the first three words of the Constitution. What are these words?We the People
81.4%
What territory did the United States buy from France in 1803?The Louisiana Territory
80.1%
Before he was President, in what war did Eisenhower serve as a general?World War II
78.4%
Who wrote the Declaration of Independence [the person credited with writing the first draft]?Thomas Jefferson
76.2%
If the President and the Vice President can no longer serve, who becomes President [next in line]?Speaker of the House
70.6%
How many amendments does the Constitution have?27
69.7%
When is the last day you can send in federal income tax forms [without an extension]?April 15
65.3%
Who was President during World War I?Woodrow Wilson
57.4%
When was the Constitution written [what year]?1787
53%
The Federalist Papers supported the passage of the U.S. Constitution. Name one of the writers.James Madison/ Alexander Hamilton/ John Jay
50.7%
Who is the Chief Justice of the United States now [as of 2014]?John Roberts
41.7%
The House of Representatives has how many voting members?435
37.6%

You're not logged in!

Compare scores with friends on all Sporcle quizzes.
Sign Up with Email
OR
Log In

You Might Also Like...

Show Comments

Extras

Top Quizzes Today


Score Distribution

Your Account Isn't Verified!

In order to create a playlist on Sporcle, you need to verify the email address you used during registration. Go to your Sporcle Settings to finish the process.